000 00332nam a2200133Ia 4500
008 231129s2000||||xx |||||||||||||| ||spa||
020 _a958-9271-42-1(Obra c
040 _bspa
082 _aR 540 M894q
245 0 _aQuimica mega
260 _c2000
264 _a[*SIN EDITORIAL*]
942 _2ddc
_cBKS
999 _c23657
_d23657